Revista de derecho privado y comunitario 2007 - 1 : desequilibrio contractual /
Guardado en:
| Formato: | Libro |
|---|---|
| Idioma: | Spanish |
| Publicado: |
Santa Fe :
Rubinzal-Culzoni,
2007
|
| Edición: | 1a. ed. |
| Series: | Revista de Derecho Privado y Comunitario
|
| Materias: | |
| Etiquetas: |
Agregar Etiqueta
Sin Etiquetas, Sea el primero en etiquetar este registro!
|
| LEADER | 00708nam a22002055a 4500 | ||
|---|---|---|---|
| 001 | DER.der013097 | ||
| 008 | 180615s2007####ag#||||||||||||||#||spa|| | ||
| 005 | 20230606131201.0 | ||
| 245 | 1 | 0 | |a Revista de derecho privado y comunitario 2007 - 1 : |b desequilibrio contractual / |c Alegria, Héctor. |
| 250 | |a 1a. ed. | ||
| 260 | |a Santa Fe : |b Rubinzal-Culzoni, |c 2007 | ||
| 300 | |a 696 p. | ||
| 490 | 1 | |a Revista de Derecho Privado y Comunitario | |
| 020 | |a 9789873001178 | ||
| 700 | 1 | |a Alegria, Héctor, |e dir. | |
| 700 | 1 | |a Mosset Iturraspe, Jorge, |e dir. | |
| 830 | 0 | |a Revista de Derecho Privado y Comunitario | |
| 650 | 7 | |a CONTRATOS | |
| 650 | 7 | |a CONTRATOS - PARTE ESPECIAL | |
| 859 | |a DERECHO |b BIB. DERECHO |h 346 |i REV |p 006992 |t 1 | ||
